Statistics for Nascar drivers by number 2016

Click here to take the quiz!

General Stats

  • This quiz has been taken 9 times
  • The average score is 45 of 72

Answer Stats

HintAnswer% Correct
2Brad Keselowski
100%
19Carl Edwards
100%
88Dale Earnhardt Jr
100%
32Jeffery Earnhardt
100%
83Jeffery Earnhardt
100%
48Jimmie Johnson
100%
22Joey Logano
100%
5Kasey Kahne
100%
4Kevin Harvick
100%
41Kurt Busch
100%
18Kyle Busch
100%
78Martin Truex Jr
100%
20Matt Kenseth
100%
17Ricky Stenhouse
100%
14Tony Stewart
100%
3Austin Dillon
75%
32Bobby Labonte
75%
32Boris Said
75%
24Chase Elliott
75%
10Danica Patrick
75%
11Denny Hamlin
75%
16Greg Biffle
75%
42Kyle Larson
75%
83Michael Waltrip
75%
55Michael Waltrip
75%
31Ryan Newman
75%
7Ty Dillon
75%
14Ty Dillon
75%
95Ty Dillon
75%
47Aj Allmendinger
50%
55Alex Kennedy
50%
43Aric Almirola
50%
44Brian Scott
50%
14Brian Vickers
50%
13Casey Mears
50%
34Chris Buescher
50%
15Clint Bowyer
50%
55Cole Whitt
50%
98Cole Whitt
50%
35David Gilliland
50%
23David Ragan
50%
1Jamie Mcmurray
50%
32Joey Gase
50%
30Josh Wise
50%
46Justin Allgaier
50%
38Landon Cassill
50%
49Matt Dibenedetto
50%
83Matt Dibenedetto
50%
46Michael Annett
50%
95Michael McDowell
50%
59Michael McDowell
50%
27Paul Menard
50%
98Reed Sorenson
50%
55Reed Sorenson
50%
40Reed Sorenson
50%
7Regan Smith
50%
21Ryan Blaney
50%
93Ryan Ellis
50%
98Ryan Ellis
50%
99Ryan Reed
50%
98Timmy Hill
50%
6Trevor Bayne
50%
55Cody Ware
25%
55Dj Kennington
25%
83Dylan Lupton
25%
32Dylan Lupton
25%
93Dylon Lupton
25%
32Eddie MacDonald
25%
30Gray Gaulding
25%
32Jeb Burton
25%
32Patrick Carpentier
25%
26Robert Richardson Jr
25%

Score Distribution

Percentile by Number Answered

Percent of People with Each Score

Your Score History

You have not taken this quiz